Corporate emailing - Správne využívanie elektronickej komunikácie v podniku

Corporate emailing ako súbor pravidiel a noriem elektronickej komunikácie zamestnancov medzi sebou, zákazníkmi a ostatnými zložkami verejnosti. Nástroj podnikového správania, ktorý vychádza so silnej podnikovej kultúry. Tri kroky tvorby podnikového emailingu. Sedem hriechov, ktorých sa často dopúšťa...

Descrizione completa

Salvato in:
Dettagli Bibliografici
Autore principale: Mišún, Juraj, 1978-
Natura: Capitolo di libro
Lingua:slovacco
Soggetti:
Tags: Aggiungi Tag
Nessun Tag, puoi essere il primo ad aggiungerne!!

MARC

LEADER 00000naa$a2200000$$$4500
001 0093915
005 20240502072039.8
041 0 |a slo 
044 |a SK 
245 1 0 |a Corporate emailing - Správne využívanie elektronickej komunikácie v podniku  |c Juraj Mišún 
520 |a Corporate emailing ako súbor pravidiel a noriem elektronickej komunikácie zamestnancov medzi sebou, zákazníkmi a ostatnými zložkami verejnosti. Nástroj podnikového správania, ktorý vychádza so silnej podnikovej kultúry. Tri kroky tvorby podnikového emailingu. Sedem hriechov, ktorých sa často dopúšťajú účastníci emailovej komunikácie. Pravidlá efektívnej emailovej komunikácie. 
610 2 0 |a komunikácia elektronická 
610 2 0 |a pošta elektronická 
610 2 0 |a zamestnanci 
610 2 0 |a zákazníci 
610 2 0 |a kultúra podniková 
610 2 0 |a podnik 
100 1 |a Mišún, Juraj, 1978-